Poisons and poisonings: Death by stealth (Record no. 394401)

MARC details
000 -LEADER
fixed length control field 00499 a2200181 4500
005 - DATE & TIME
control field 20260110101626.0
008 - FIXED-LENGTH DATA ELEMENTS--GENERAL INFORMATION
fixed length control field 260109b |||||||| |||| 00| 0 eng d
020 ## - ISBN
International Standard Book Number 9781782627173
Price £ 21.99
040 ## - CATALOGING SOURCE
Original cataloging agency VIVEKANANDA LIBRARY
082 ## - DDC NUMBER
Classification number 363.259
Book Number H224P
100 ## - MAIN ENTRY--PERSONAL NAME
Personal name Hargreaves, Tony
245 ## - TITLE STATEMENT
Title Poisons and poisonings: Death by stealth
260 ## - PUBLICATION, DISTRIBUTION, ETC. (IMPRINT)
Name of publisher, distributor, etc The Royal Society of Chemistry
Date of publication, distribution, etc 2017
Place of publication, distribution, etc Cambridge
300 ## - PHYSICAL DESCRIPTION
Pages xxii, 297
650 ## - Subject
Subject Forensic Science
650 ## - Subject
Subject Criminal Poisoning
942 ## - ADDED ENTRY ELEMENTS (KOHA)
Koha item type Books
Holdings
Withdrawn status Lost status Source of classification or shelving scheme Damaged status Not for loan Location (home branch) Sublocation or collection (holding branch) Shelving location Date acquired Koha issues (times borrowed) Koha full call number Accession No. Koha date last seen Koha item type
    Dewey Decimal Classification     VIVEKANANDA LIBRARY VIVEKANANDA LIBRARY Vivekananda Library 12/12/2025   363.259 H224P 443604 12/12/2025 Books
© Designed and Maintained by Vivekananda Library, MDU Rohtak